Cost estimation for software development /

Bibliographic Details
Main Author: Londeix, Bernard
Format: Book
Language:English
Published: Wokingham, England ; Reading, Mass. : Addison-Wesley, 1987.
Series:International computer science series.
Subjects:

MARC

Tag First Indicator Second Indicator Subfields
LEADER 00000cam a2200000 a 4500
001 in00000011171
005 20151007052011.0
008 870211s1987 enka b 00110 eng
010 |a  87001026  
020 |a 0201174510 :  |c £16.95 
035 |a (OCoLC)15252949 
035 |9 AAA5844AM 
040 |a DLC  |c DLC  |d TXA  |d UtOrBLW 
049 |a TXAM  |c [A12644760] 
050 0 0 |a QA76.76.D47  |b L66 1987 
082 0 |a 005/.068  |2 19 
100 1 |a Londeix, Bernard. 
245 1 0 |a Cost estimation for software development /  |c Bernard Londeix. 
264 1 |a Wokingham, England ;  |a Reading, Mass. :  |b Addison-Wesley,  |c 1987. 
300 |a xv, 214 pages :  |b illustrations ;  |c 24 cm. 
336 |a text  |b txt  |2 rdacontent 
337 |a unmediated  |b n  |2 rdamedia 
338 |a volume  |b nc  |2 rdacarrier 
490 1 |a International computer science series 
504 |a Bibliography: pages 209-211. 
500 |a Includes index. 
650 0 |a Computer software  |x Development  |x Estimates. 
830 0 |a International computer science series. 
999 |a MARS 
999 f f |s 02e00277-48ef-33e8-a6b6-cdf5d7f0ef2c  |i 21f3e6bb-8871-3908-be95-5cea43d65f9f  |t 0 
952 f f |p ric  |a Texas A&M University  |b Rellis Campus  |c Joint Library Facility  |d Remote Storage  |t 0  |e QA76.76.D47 L66 1987  |h Library of Congress classification  |i unmediated -- volume  |m A14812644760 
998 f f |a QA76.76.D47 L66 1987  |t 0  |l Remote Storage